Historical atlas of the world /
Shranjeno v:
| Glavni avtor: | |
|---|---|
| Format: | Sách giấy |
| Jezik: | Vietnamese |
| Izdano: |
USA :
Rand McNally,
1997
|
| Oznake: |
Označite
Brez oznak, prvi označite!
|
| Thư viện lưu trữ: | Thư viện Trường Đại học Đà Lạt |
|---|
| LEADER | 00631nam a2200289 4500 | ||
|---|---|---|---|
| 001 | DLU060057376 | ||
| 005 | ##20061208 | ||
| 040 | # | # | |a DLU |b vie |
| 041 | # | # | |a vie |
| 044 | # | # | |a vn |
| 082 | # | # | |a 912 |b MI-H |
| 100 | # | # | |a Mifflin, Houghton |
| 245 | # | # | |a Historical atlas of the world / |c Houghton Mifflin |
| 260 | # | # | |a USA : |b Rand McNally, |c 1997 |
| 300 | # | # | |a 113 p. ; |c 26 cm |
| 923 | # | # | |a 30/2006 |
| 992 | # | # | |a 5000 |
| 994 | # | # | |a DLU |
| 998 | # | # | |a TK |
| 900 | # | # | |a True |
| 911 | # | # | |a Đào Thị Thu Huyền |
| 925 | # | # | |a G |
| 926 | # | # | |a A |
| 927 | # | # | |a SH |
| 980 | # | # | |a Thư viện Trường Đại học Đà Lạt |